[Event "Campeonato del Mundo Femenino 2010"]
[Site "Antakya TUR"]
[Date "2010.12.08"]
[Round "22.11"]
[White "Lahno, Kateryna"]
[Black "Hoang Thanh Trang"]
[Result "1/2-1/2"]
[WhiteElo "2522"]
[BlackElo "2473"]
[PlyCount "135"]
[EventDate "2010.12.02"]
[EventType "match"]
[EventRounds "6"]
[EventCountry "TUR"]
[Source "lmi"]
[SourceDate "2010.12.02"]

1. d4 e6 2. Nf3 f5 3. g3 Nf6 4. Bg2 d5 5. O-O Bd6 6. c4 c6 7. Nc3 O-O 8. Qc2
Ne4 9. a3 Nd7 10. b4 Ndf6 11. c5 Bc7 12. Bf4 Bxf4 13. gxf4 Qe8 14. Ne5 Qh5 15.
f3 Nxc3 16. Qxc3 Nd7 17. Qe3 Nxe5 18. Qxe5 Qf7 19. a4 a6 20. Rab1 Qf6 21. Qxf6
Rxf6 22. b5 axb5 23. axb5 Bd7 24. b6 Ra2 25. Ra1 Rxa1 26. Rxa1 Rf8 27. Ra7 Rb8
28. e3 Kf7 29. Bf1 Ke7 30. Kf2 g6 31. Bd3 h6 32. h4 h5 33. Ke1 Kd8 34. Kd2 Bc8
35. Kc3 Bd7 36. Kb4 Bc8 37. Ra1 Bd7 38. Ra7 Bc8 39. Ra2 Bd7 40. e4 Ke7 41. Ra7
Kd8 42. Bc2 Bc8 43. Kc3 Bd7 44. Bb3 Ke7 45. Kd3 Kd8 46. Ke3 Ke7 47. Bc2 Kd8 48.
Bd3 Ke7 49. Kd2 Kd8 50. Kc3 Bc8 51. Kb4 Bd7 52. e5 Bc8 53. Ka5 Bd7 54. Be2 Bc8
55. Bf1 Bd7 56. Bd3 Bc8 57. Bb1 Bd7 58. Bc2 Bc8 59. Ba4 Bd7 60. Kb4 Ke7 61. Bd1
Kd8 62. Be2 Bc8 63. Bf1 Bd7 64. Ka5 Bc8 65. Ba6 Kd7 66. Bb5 Kd8 67. Bd3 Bd7 68.
Be2 1/2-1/2

[Event "Campeonato del Mundo Femenino 2010"]
[Site "Antakya TUR"]
[Date "2010.12.08"]
[Round "22.12"]
[White "Paehtz, Elisabeth"]
[Black "Cmilyte, Viktorija"]
[Result "0-1"]
[WhiteElo "2474"]
[BlackElo "2514"]
[PlyCount "84"]
[EventDate "2010.12.02"]
[EventType "match"]
[EventRounds "6"]
[EventCountry "TUR"]
[Source "lmi"]
[SourceDate "2010.12.02"]

1. e4 c5 2. Nf3 d6 3. c3 Nf6 4. Be2 g6 5. O-O Bg7 6. Bb5+ Nbd7 7. Re1 O-O 8. d4
a6 9. Bf1 Nh5 10. Nbd2 Qc7 11. Qe2 e5 12. dxe5 dxe5 13. a4 b6 14. Qd1 Bb7 15.
Bc4 Ndf6 16. Qb3 h6 17. Bf1 Bc6 18. Nc4 Nd7 19. Nfd2 Nhf6 20. Ne3 Qb7 21. f3
Rfd8 22. c4 Nf8 23. Nd5 Ne6 24. Nb1 Nd4 25. Qd3 Nxd5 26. cxd5 Bd7 27. Nc3 Rdc8
28. Be3 c4 29. Qd1 b5 30. a5 Qc7 31. f4 b4 32. d6 Qxd6 33. Nd5 c3 34. bxc3 bxc3
35. Nb6 exf4 36. Bf2 c2 37. Qd3 Bb5 38. Nxc8 Rxc8 39. e5 Bxe5 40. Qe4 Bxf1 41.
Qxe5 Qxe5 42. Rxe5 c1=Q 0-1

[Event "Campeonato del Mundo Femenino 2010"]
[Site "Antakya TUR"]
[Date "2010.12.08"]
[Round "22.15"]
[White "Sebag, Marie"]
[Black "Zatonskih, Anna"]
[Result "0-1"]
[WhiteElo "2494"]
[BlackElo "2478"]
[PlyCount "118"]
[EventDate "2010.12.02"]
[EventType "match"]
[EventRounds "6"]
[EventCountry "TUR"]
[Source "lmi"]
[SourceDate "2010.12.02"]

1. e4 e6 2. d4 d5 3. Nd2 c5 4. Ngf3 Nc6 5. exd5 exd5 6. Bb5 Bd6 7. dxc5 Bxc5 8.
O-O Nge7 9. Nb3 Bd6 10. c3 O-O 11. Bd3 h6 12. h3 Bf5 13. Be3 Re8 14. Nbd4 Be4
15. Re1 Ng6 16. Bb5 Qd7 17. Bf1 Rad8 18. Nd2 Bb8 19. Qb3 Nh4 20. g3 Nxd4 21.
cxd4 Qf5 22. Qd1 Bf3 23. Qb3 Be4 24. f4 Qg6 25. Kh2 Nf5 26. Bf2 h5 27. Nf3 h4
28. Nxh4 Nxh4 29. gxh4 Bxf4+ 30. Bg3 Qh6 31. h5 Bxg3+ 32. Qxg3 Qxh5 33. Re3 Rc8
34. Rae1 Re6 35. Qg4 Qxg4 36. hxg4 Rf6 37. R3e2 g5 38. Bg2 Bxg2 39. Rxg2 Rc4
40. Re7 Rxd4 41. Rxb7 a5 42. b3 Rh6+ 43. Kg1 a4 44. bxa4 Rh4 45. Rb3 Rxa4 46.
Rbg3 Rf4 47. a3 Kg7 48. Ra2 Rhxg4 49. Rxg4 Rxg4+ 50. Kf2 Ra4 51. Ke3 Kg6 52.
Kd3 g4 53. Kc3 g3 54. Kb3 Rg4 55. Rg2 Kf5 56. a4 Kf4 57. a5 Kf3 58. Rg1 g2 59.
a6 Rg8 0-1

[Event "Campeonato del Mundo Femenino 2010"]
[Site "Antakya TUR"]
[Date "2010.12.08"]
[Round "22.16"]
[White "Zhang, Xiaowen"]
[Black "Ruan, Lufei"]
[Result "1-0"]
[WhiteElo "2339"]
[BlackElo "2480"]
[PlyCount "83"]
[EventDate "2010.12.02"]
[EventType "match"]
[EventRounds "6"]
[EventCountry "TUR"]
[Source "lmi"]
[SourceDate "2010.12.02"]

1. e4 e5 2. Nf3 Nc6 3. Bc4 Bc5 4. O-O Nf6 5. d4 exd4 6. e5 d5 7. exf6 dxc4 8.
fxg7 Rg8 9. Bg5 Be7 10. Re1 Be6 11. Bxe7 Kxe7 12. Re4 f5 13. Rh4 Kf7 14. Rxh7
Rxg7 15. Rxg7+ Kxg7 16. Qd2 Qf6 17. Qf4 Re8 18. Qxc7+ Re7 19. Qf4 Bd5 20. Nbd2
c3 21. bxc3 dxc3 22. Nf1 Re4 23. Qc7+ Qe7 24. Qg3+ Rg4 25. Ne3 Rxg3 26. Nxf5+
Kf7 27. Nxe7 Rxf3 28. Nxd5 Rf5 29. Nxc3 Rc5 30. Ne4 Rxc2 31. h4 Kg6 32. Kh2 Re2
33. f3 Ne5 34. Kg3 Nc4 35. Kh3 Ne5 36. a4 Nd3 37. g4 Ne1 38. h5+ Kg7 39. Ng3
Re5 40. Nf5+ Kf6 41. Kg3 Re2 42. h6 1-0

[Event "Campeonato del Mundo Femenino 2010"]
[Site "Antakya TUR"]
[Date "2010.12.09"]
[Round "21.5"]
[White "Paehtz, Elisabeth"]
[Black "Cmilyte, Viktorija"]
[Result "1/2-1/2"]
[WhiteElo "2474"]
[BlackElo "2514"]
[PlyCount "78"]
[EventDate "2010.12.02"]
[EventType "match"]
[EventRounds "6"]
[EventCountry "TUR"]
[Source "lmi"]
[SourceDate "2010.12.02"]

1. e4 c5 2. Nf3 d6 3. d4 cxd4 4. Nxd4 Nf6 5. Nc3 g6 6. Be3 Bg7 7. h3 O-O 8. Be2
Nc6 9. O-O Bd7 10. f4 Nxd4 11. Bxd4 Bc6 12. Qd3 b5 13. a3 a5 14. e5 dxe5 15.
fxe5 Nd7 16. Qe3 b4 17. Nb5 Qb8 18. Na7 Bd5 19. axb4 axb4 20. Ra5 e6 21. Rxd5
exd5 22. Nc6 Qe8 23. Bf3 Nb6 24. Nxb4 Nc4 25. Qf2 Nxe5 26. Bxd5 Rb8 27. Na6 Qd7
28. Nxb8 Qxd5 29. Ba7 Qb7 30. Kh1 Qxb2 31. Na6 Qb5 32. Nc5 Qc4 33. Nd3 Qd5 34.
Qf3 Rd8 35. Qxd5 Rxd5 36. Rd1 f5 37. Kg1 Kf7 38. Kf2 Ra5 39. Be3 h5 1/2-1/2

[Event "Campeonato del Mundo Femenino 2010"]
[Site "Antakya TUR"]
[Date "2010.12.09"]
[Round "21.7"]
[White "Zhang, Xiaowen"]
[Black "Ruan, Lufei"]
[Result "0-1"]
[WhiteElo "2339"]
[BlackElo "2480"]
[PlyCount "82"]
[EventDate "2010.12.02"]
[EventType "match"]
[EventRounds "6"]
[EventCountry "TUR"]
[Source "lmi"]
[SourceDate "2010.12.02"]

1. e4 e5 2. Nf3 Nc6 3. Bc4 Bc5 4. c3 Nf6 5. d4 exd4 6. e5 d5 7. Bb5 Ne4 8. cxd4
Bb6 9. Nc3 O-O 10. Be3 f5 11. Qb3 Nxc3 12. bxc3 f4 13. Bc1 Bg4 14. Be2 Ne7 15.
Ba3 c6 16. Qc2 h6 17. Nh4 Bxe2 18. Bxe7 Qxe7 19. Ng6 Qg5 20. Nxf8 Rxf8 21. Kxe2
Qg4+ 22. Kf1 f3 23. g3 Qh3+ 24. Ke1 c5 25. Qd3 cxd4 26. cxd4 Qg2 27. Rf1 Rc8
28. Qb5 Rc2 29. Kd1 Re2 30. Re1 Qxf2 31. Rxe2 fxe2+ 32. Qxe2 Qxd4+ 33. Kc2 Qxa1
34. Kb3 Qd4 35. Qh5 Qc4+ 36. Kb2 Bd4+ 37. Kb1 Qb4+ 38. Kc1 Qc3+ 39. Kd1 Qd3+
40. Kc1 Qe3+ 41. Kc2 Qxe5 0-1

[Event "Campeonato del Mundo Femenino 2010"]
[Site "Antakya TUR"]
[Date "2010.12.09"]
[Round "22.2"]
[White "Dzagnidze, Nana"]
[Black "Skripchenko, Almira"]
[Result "0-1"]
[WhiteElo "2551"]
[BlackElo "2460"]
[PlyCount "58"]
[EventDate "2010.12.02"]
[EventType "match"]
[EventRounds "6"]
[EventCountry "TUR"]
[Source "lmi"]
[SourceDate "2010.12.02"]

1. d4 d5 2. Nf3 e6 3. g3 Nf6 4. c4 Bb4+ 5. Bd2 Be7 6. Bg2 O-O 7. Qc2 c6 8. O-O
b6 9. Rd1 Ba6 10. Ne5 Nfd7 11. cxd5 cxd5 12. e4 Nxe5 13. exd5 Be2 14. dxe5 Bxd1
15. Qxd1 exd5 16. Nc3 Nc6 17. Nxd5 Rc8 18. Bc3 b5 19. b3 Bc5 20. Qh5 Ne7 21.
Be4 h6 22. Nf6+ Kh8 23. Rd1 Qb6 24. Nd7 Bxf2+ 25. Kf1 Qe3 26. Nxf8 Qxe4 27.
Qxf7 Bb6 28. Qxe7 Qf3+ 29. Ke1 Qf2# 0-1

[Event "Campeonato del Mundo Femenino 2010"]
[Site "Antakya TUR"]
[Date "2010.12.09"]
[Round "22.4"]
[White "Lahno, Kateryna"]
[Black "Hoang Thanh Trang"]
[Result "1-0"]
[WhiteElo "2522"]
[BlackElo "2473"]
[PlyCount "105"]
[EventDate "2010.12.02"]
[EventType "match"]
[EventRounds "6"]
[EventCountry "TUR"]
[Source "lmi"]
[SourceDate "2010.12.02"]

1. Nf3 f5 2. d3 Nf6 3. e4 d6 4. exf5 Bxf5 5. d4 d5 6. Bd3 Bxd3 7. Qxd3 Qd6 8.
O-O Nc6 9. Ng5 Ng4 10. Qh3 Qd7 11. c3 Nf6 12. Qd3 g6 13. Re1 Bh6 14. Nxh7 O-O-O
15. Nxf6 exf6 16. Bxh6 Rxh6 17. Nd2 Rdh8 18. Nf1 g5 19. Qe3 Kb8 20. Qe6 Qd8 21.
Re2 a6 22. Rae1 Ka7 23. h3 g4 24. Qxg4 Rxh3 25. gxh3 Rg8 26. Ng3 Rxg4 27. hxg4
Qd6 28. Kg2 Nd8 29. Re7 Nc6 30. Rf7 Qf4 31. f3 Na5 32. Nf1 Nc4 33. Ree7 Nd6 34.
Rg7 f5 35. g5 Qc1 36. Re2 f4 37. Rxc7 Nf5 38. Rf7 Qd1 39. Kf2 Ng3 40. Nxg3
fxg3+ 41. Kxg3 Qxe2 42. Kg4 Qe6+ 43. Rf5 Kb6 44. Kf4 Kc7 45. Re5 Qf7+ 46. Kg4
Kd6 47. f4 Qh7 48. f5 Qh2 49. f6 Qg2+ 50. Kh5 Qxb2 51. f7 Qf2 52. Kg6 Kd7 53.
Kg7 1-0

[Event "Campeonato del Mundo Femenino 2010"]
[Site "Antakya TUR"]
[Date "2010.12.09"]
[Round "22.5"]
[White "Cmilyte, Viktorija"]
[Black "Paehtz, Elisabeth"]
[Result "1-0"]
[WhiteElo "2514"]
[BlackElo "2474"]
[PlyCount "87"]
[EventDate "2010.12.02"]
[EventType "match"]
[EventRounds "6"]
[EventCountry "TUR"]
[Source "lmi"]
[SourceDate "2010.12.02"]

1. d4 d6 2. g3 g6 3. Nf3 Bg7 4. c4 Nf6 5. Bg2 O-O 6. O-O c6 7. Nc3 Qa5 8. e4
Bg4 9. h3 Bxf3 10. Bxf3 Nfd7 11. Be3 a6 12. a3 c5 13. b4 Qd8 14. bxc5 dxc5 15.
e5 cxd4 16. Bxd4 Nc6 17. Bxc6 bxc6 18. f4 Qa5 19. Ne4 Rfd8 20. Qc2 f5 21. Ng5
Nf8 22. Be3 h6 23. Nf3 Ne6 24. Rfb1 Rab8 25. Rb3 Rxb3 26. Qxb3 c5 27. Rb1 Kf7
28. Kf2 Bf8 29. Rb2 Rd7 30. Rd2 Rxd2+ 31. Bxd2 Qc7 32. Be3 Qc6 33. Qd3 Nc7 34.
Qd8 Ne6 35. Qd3 Nc7 36. e6+ Kxe6 37. Qd8 Ne8 38. Ne5 Qe4 39. Qxe8 Qc2+ 40. Kg1
Qd1+ 41. Kg2 Qe2+ 42. Bf2 Qe4+ 43. Kh2 Qc2 44. Qxg6# 1-0

[Event "Campeonato del Mundo Femenino 2010"]
[Site "Antakya TUR"]
[Date "2010.12.09"]
[Round "22.7"]
[White "Ruan, Lufei"]
[Black "Zhang, Xiaowen"]
[Result "1-0"]
[WhiteElo "2480"]
[BlackElo "2339"]
[PlyCount "57"]
[EventDate "2010.12.02"]
[EventType "match"]
[EventRounds "6"]
[EventCountry "TUR"]
[Source "lmi"]
[SourceDate "2010.12.02"]

1. e4 e6 2. d4 d5 3. Nc3 Nf6 4. Bg5 dxe4 5. Nxe4 Nbd7 6. Nf3 h6 7. Nxf6+ Nxf6
8. Be3 Nd5 9. Bd3 Bd6 10. Qe2 Nxe3 11. Qxe3 Qe7 12. O-O Bd7 13. Ne5 O-O-O 14.
c4 c5 15. dxc5 Bxc5 16. Qe2 Be8 17. Rad1 g5 18. a3 a5 19. b4 axb4 20. axb4 Bxb4
21. c5 Bxc5 22. Rb1 f6 23. Qa2 Kb8 24. Be4 fxe5 25. Rxb7+ Qxb7 26. Bxb7 Kxb7
27. Rb1+ Kc6 28. Qa6+ Kd5 29. Rd1+ 1-0

[Event "Campeonato del Mundo Femenino 2010"]
[Site "Antakya TUR"]
[Date "2010.12.10"]
[Round "31.4"]
[White "Zhao, Xue"]
[Black "Dembo, Yelena"]
[Result "1-0"]
[WhiteElo "2474"]
[BlackElo "2454"]
[PlyCount "137"]
[EventDate "2010.12.02"]
[EventType "match"]
[EventRounds "6"]
[EventCountry "TUR"]
[Source "lmi"]
[SourceDate "2010.12.02"]

1. d4 Nf6 2. c4 g6 3. Nc3 Bg7 4. e4 d6 5. Nf3 O-O 6. Be2 e5 7. Be3 Ng4 8. Bg5
f6 9. Bh4 Nc6 10. d5 Ne7 11. Nd2 Nh6 12. f3 c5 13. dxc6 bxc6 14. b4 Nf7 15. Nb3
Be6 16. Bf2 f5 17. O-O g5 18. b5 cxb5 19. Nxb5 a6 20. Nc3 a5 21. a4 Ng6 22. g3
h5 23. c5 f4 24. cxd6 fxg3 25. hxg3 Bh3 26. Nb5 g4 27. fxg4 hxg4 28. Bxg4 Ng5
29. Nc5 Rf6 30. Bf5 Nf8 31. Qd5+ Kh8 32. Be3 Rh6 33. d7 Bxf1 34. Rxf1 Bf6 35.
Kg2 Rb8 36. Bg4 Nfh7 37. Ne6 Qg8 38. d8=Q Rxd8 39. Nxd8 Qxd8 40. Qxd8+ Bxd8 41.
Bf5 Bb6 42. Bd2 Rc6 43. Rc1 Rxc1 44. Bxc1 Nf7 45. Kf3 Nf6 46. Ke2 Kg7 47. Bd2
Nh6 48. Bc3 Nf7 49. Na3 Bc7 50. Nc4 Ng5 51. Ke3 Nf7 52. Bxa5 Nd6 53. Nxd6 Bxa5
54. Nc4 Bc3 55. a5 Bd4+ 56. Kf3 Ne8 57. Bc8 Nc7 58. Nd6 Bc5 59. Nc4 Bd4 60. a6
Kf6 61. Na5 Bc5 62. Kg4 Nb5 63. Nc6 Bf2 64. Bd7 Bc5 65. Nb4 Nd4 66. Nd5+ Kf7
67. Ba4 Kg7 68. Ne7 Ne6 69. Nc8 1-0

[Event "Campeonato del Mundo Femenino 2010"]
[Site "Antakya TUR"]
[Date "2010.12.10"]
[Round "31.5"]
[White "Skripchenko, Almira"]
[Black "Cmilyte, Viktorija"]
[Result "1/2-1/2"]
[WhiteElo "2460"]
[BlackElo "2514"]
[PlyCount "60"]
[EventDate "2010.12.02"]
[EventType "match"]
[EventRounds "6"]
[EventCountry "TUR"]
[Source "lmi"]
[SourceDate "2010.12.02"]

1. e4 c5 2. c3 d6 3. d4 Nf6 4. Bd3 g6 5. Ne2 Bg7 6. h3 O-O 7. Be3 Nc6 8. O-O
cxd4 9. cxd4 Nb4 10. Nbc3 Nxd3 11. Qxd3 Bd7 12. d5 Qa5 13. Bd4 Rfc8 14. a3 b5
15. Rfe1 a6 16. Na2 Qc7 17. Rac1 Qb7 18. Rxc8+ Rxc8 19. Rc1 e5 20. dxe6 Bxe6
21. Rxc8+ Qxc8 22. Nac3 Bc4 23. Qf3 Qe6 24. Nf4 Qe7 25. Qe3 h6 26. f3 h5 27.
Nd3 Kh7 28. Nb4 a5 29. Nc2 Bh6 30. Qf2 Nd7 1/2-1/2

[Event "Campeonato del Mundo Femenino 2010"]
[Site "Antakya TUR"]
[Date "2010.12.10"]
[Round "31.6"]
[White "Lahno, Kateryna"]
[Black "Huang, Qian"]
[Result "1-0"]
[WhiteElo "2522"]
[BlackElo "2402"]
[PlyCount "55"]
[EventDate "2010.12.02"]
[EventType "match"]
[EventRounds "6"]
[EventCountry "TUR"]
[Source "lmi"]
[SourceDate "2010.12.02"]

1. e4 e6 2. d4 d5 3. Nd2 c5 4. Ngf3 cxd4 5. Nxd4 Nc6 6. Bb5 Bd7 7. Nxc6 Bxc6 8.
Bxc6+ bxc6 9. c4 dxe4 10. Nxe4 Qxd1+ 11. Kxd1 Nf6 12. Nxf6+ gxf6 13. Be3 c5 14.
Kc2 Kd7 15. a3 a5 16. b3 Be7 17. Bd2 h5 18. Bc3 Kc6 19. Rhd1 Rhg8 20. g3 Rgd8
21. Rxd8 Bxd8 22. b4 a4 23. b5+ Kd7 24. Re1 Be7 25. Rd1+ Ke8 26. f3 f5 27. Be5
Rd8 28. b6 1-0

[Event "Campeonato del Mundo Femenino 2010"]
[Site "Antakya TUR"]
[Date "2010.12.10"]
[Round "31.7"]
[White "Muzychuk, Anna"]
[Black "Ju, Wenjun"]
[Result "0-1"]
[WhiteElo "2530"]
[BlackElo "2524"]
[PlyCount "116"]
[EventDate "2010.12.02"]
[EventType "match"]
[EventRounds "6"]
[EventCountry "TUR"]
[Source "lmi"]
[SourceDate "2010.12.02"]

1. e4 c5 2. Nf3 d6 3. d4 cxd4 4. Nxd4 Nf6 5. Nc3 a6 6. Be2 e5 7. Nb3 Be7 8. O-O
O-O 9. Kh1 b6 10. Be3 Bb7 11. f3 b5 12. a4 b4 13. Nd5 Nxd5 14. exd5 Nd7 15. c3
bxc3 16. bxc3 Bg5 17. Bf2 Qc7 18. c4 a5 19. Nd2 Bxd2 20. Qxd2 Ba6 21. Rab1 Rab8
22. Qc3 f5 23. Rfc1 Nc5 24. Be1 Rfc8 25. Rxb8 Rxb8 26. Qxa5 Qb7 27. Qc3 Qb2 28.
Bf1 Nxa4 29. Qxb2 Rxb2 30. Kg1 Nc5 31. Ra1 Rc2 32. Bf2 Bxc4 33. Bxc5 dxc5 34.
d6 Kf7 35. Rd1 Ke8 36. Bxc4 Rxc4 37. Rd5 Kd7 38. Rxe5 Kxd6 39. Rxf5 Rc1+ 40.
Kf2 c4 41. Rf8 Rc2+ 42. Kg3 Re2 43. Rc8 Kd5 44. Rc7 g6 45. Rxh7 c3 46. Rc7 c2
47. Kf4 g5+ 48. Kxg5 Kd6 49. Rc3 Re5+ 50. Kf6 Rc5 51. Rxc2 Rxc2 52. g4 Rxh2 53.
g5 Rf2 54. g6 Rxf3+ 55. Kg7 Ke7 56. Kg8 Kf6 57. g7 Rg3 58. Kh8 Kf7 0-1

[Event "Campeonato del Mundo Femenino 2010"]
[Site "Antakya TUR"]
[Date "2010.12.10"]
[Round "31.8"]
[White "Harika, Dronavalli"]
[Black "Muzychuk, Mariya"]
[Result "1/2-1/2"]
[WhiteElo "2525"]
[BlackElo "2462"]
[PlyCount "180"]
[EventDate "2010.12.02"]
[EventType "match"]
[EventRounds "6"]
[EventCountry "TUR"]
[Source "lmi"]
[SourceDate "2010.12.02"]

1. Nf3 g6 2. g3 Bg7 3. d4 c5 4. c3 Nf6 5. Bg2 d5 6. O-O O-O 7. dxc5 a5 8. Nd4
e5 9. Nb5 Na6 10. Bg5 e4 11. Bf4 Bd7 12. N1a3 b6 13. cxb6 Qxb6 14. c4 dxc4 15.
Nd6 c3 16. Be5 cxb2 17. Rb1 Bc6 18. Bxb2 Qc5 19. Rc1 Qd5 20. Bxf6 Bxf6 21. Nxe4
Kg7 22. Qxd5 Bxd5 23. Nxf6 Bxg2 24. Kxg2 Kxf6 25. Nc4 Rfe8 26. e3 Nb4 27. a3
Nd3 28. Rb1 Ne5 29. Rfc1 Ra7 30. Nb6 Rd8 31. Rb5 Nd3 32. Rcb1 Ne5 33. h3 h5 34.
Rc1 Nd3 35. Rcb1 Ne5 36. Rc5 Nd3 37. Rc6+ Kg7 38. Nc4 Rd5 39. Rc8 Kf6 40. Kf1
Ne5 41. e4 Nxc4 42. Rxc4 Rd2 43. Rb5 a4 44. Rbb4 Rd3 45. Rxa4 Rxa3 46. Rc6+ Ke7
47. Rxa7+ Rxa7 48. Ke2 Ra3 49. h4 Rb3 50. Kd2 Rf3 51. Ke2 Rb3 52. Ra6 Rc3 53.
Ra5 Ke6 54. f3 Rb3 55. Rd5 Kf6 56. Rd3 Rb2+ 57. Ke3 Rg2 58. Kf4 Rg1 59. Ra3 Kg7
60. e5 Re1 61. Ra4 Re2 62. Re4 Rf2 63. Re3 Rg2 64. e6 fxe6 65. Rxe6 Rb2 66. g4
hxg4 67. fxg4 Rb4+ 68. Re4 Rb7 69. Rd4 Kf6 70. Rd6+ Kg7 71. Ke5 Rf7 72. Rc6 Rf1
73. Rc7+ Kg8 74. g5 Rf2 75. Rd7 Rf1 76. Rd4 Kg7 77. Re4 Rf2 78. Ke6 Rf1 79. Ke5
Rf2 80. Rf4 Re2+ 81. Kd5 Rd2+ 82. Ke4 Re2+ 83. Kf3 Re1 84. Kg2 Re3 85. Rf3 Re4
86. Kg3 Ra4 87. Rf4 Ra3+ 88. Kg4 Ra1 89. Rd4 Rg1+ 90. Kf4 Rf1+ 1/2-1/2

[Event "Campeonato del Mundo Femenino 2010"]
[Site "Antakya TUR"]
[Date "2010.12.11"]
[Round "32.4"]
[White "Dembo, Yelena"]
[Black "Zhao, Xue"]
[Result "1/2-1/2"]
[WhiteElo "2454"]
[BlackElo "2474"]
[PlyCount "142"]
[EventDate "2010.12.02"]
[EventType "match"]
[EventRounds "6"]
[EventCountry "TUR"]
[Source "lmi"]
[SourceDate "2010.12.02"]

1. e4 e5 2. Nf3 Nc6 3. Bb5 Nf6 4. d3 d6 5. O-O Bd7 6. c3 g6 7. Nbd2 a6 8. Ba4
Bg7 9. d4 O-O 10. Re1 Nh5 11. d5 Ne7 12. Bxd7 Qxd7 13. c4 c6 14. dxc6 Qxc6 15.
b3 b5 16. Ba3 Nf4 17. Nf1 Rad8 18. Rc1 f5 19. Ng3 Qb7 20. Qc2 Ne6 21. cxb5 axb5
22. Bb4 fxe4 23. Qxe4 Qa7 24. a3 Rf4 25. Qd3 Qb6 26. Ne4 Rf7 27. Qe3 Qxe3 28.
fxe3 Nf5 29. Rc6 d5 30. Rxe6 dxe4 31. Nxe5 Rf6 32. Rxf6 Bxf6 33. Ng4 Bg5 34.
Nf2 Bxe3 35. g4 Bxf2+ 36. Kxf2 e3+ 37. Kf1 Nh6 38. h3 Rd3 39. Ke2 Rxb3 40. Rc1
Nf7 41. Rc8+ Kg7 42. h4 Kf6 43. Bc5 Ke6 44. g5 Ne5 45. Bxe3 Rxa3 46. Rb8 Ra2+
47. Kd1 Nc4 48. Bc1 Nd6 49. Bf4 Ne4 50. Be3 Nc3+ 51. Kc1 Rh2 52. Bd2 Ne4 53.
Be1 Nc5 54. Kd1 Nd3 55. Bd2 Rxh4 56. Rxb5 Ne5 57. Bc3 Nf3 58. Ke2 Nd4+ 59. Bxd4
Rxd4 60. Kf3 Rd5 61. Rb7 Kf5 62. Rxh7 Rd3+ 63. Kg2 Kxg5 64. Ra7 Kh5 65. Ra4 g5
66. Rb4 Re3 67. Ra4 Kg6 68. Rb4 Kf5 69. Ra4 Re4 70. Rxe4 Kxe4 71. Kg3 g4
1/2-1/2

[Event "Campeonato del Mundo Femenino 2010"]
[Site "Antakya TUR"]
[Date "2010.12.11"]
[Round "32.6"]
[White "Huang, Qian"]
[Black "Lahno, Kateryna"]
[Result "1/2-1/2"]
[WhiteElo "2402"]
[BlackElo "2522"]
[PlyCount "93"]
[EventDate "2010.12.02"]
[EventType "match"]
[EventRounds "6"]
[EventCountry "TUR"]
[Source "lmi"]
[SourceDate "2010.12.02"]

1. d4 Nf6 2. Nf3 g6 3. c4 Bg7 4. g3 c6 5. Bg2 d5 6. O-O dxc4 7. a4 Ne4 8. Qc2
Nd6 9. e4 Be6 10. Be3 h6 11. Ne5 Na6 12. Qc3 O-O 13. Nd2 Qc8 14. Rfd1 Rd8 15.
f4 b5 16. axb5 Nxb5 17. Qa5 Nxd4 18. Qxa6 Nc2 19. Nf1 Nxa1 20. Qxa1 Qb7 21. Rc1
Rab8 22. Nxc4 Bxc4 23. Rxc4 Qb3 24. Rxc6 Bxb2 25. Qxa7 e5 26. Rb6 Rxb6 27. Qxb6
Qxb6 28. Bxb6 Rb8 29. Be3 h5 30. Kf2 Rb4 31. Nd2 exf4 32. gxf4 Bd4 33. Bxd4
Rxd4 34. Ke3 Rb4 35. Bf1 Kf8 36. e5 Ke7 37. Bd3 Rb2 38. h4 Ra2 39. Bc4 Ra3+ 40.
Bd3 Ra1 41. Nf3 Rh1 42. Bc4 Rc1 43. Bd5 Rd1 44. Be4 Ra1 45. Bd3 Rh1 46. Ke4 Ra1
47. Ke3 1/2-1/2

[Event "Campeonato del Mundo Femenino 2010"]
[Site "Antakya TUR"]
[Date "2010.12.11"]
[Round "32.7"]
[White "Ju, Wenjun"]
[Black "Muzychuk, Anna"]
[Result "1/2-1/2"]
[WhiteElo "2524"]
[BlackElo "2530"]
[PlyCount "85"]
[EventDate "2010.12.02"]
[EventType "match"]
[EventRounds "6"]
[EventCountry "TUR"]
[Source "lmi"]
[SourceDate "2010.12.02"]

1. d4 g6 2. g3 Bg7 3. Bg2 d6 4. Nf3 Nd7 5. c4 e5 6. Nc3 Nh6 7. e4 O-O 8. O-O
exd4 9. Nxd4 Ne5 10. b3 c6 11. h3 f5 12. Bxh6 Bxh6 13. exf5 gxf5 14. f4 Nf7 15.
Qd3 Qf6 16. Rad1 Bd7 17. Bf3 Qg6 18. g4 Bxf4 19. Nxf5 Kh8 20. Be4 Be5 21. Ne2
Qg5 22. Neg3 Rae8 23. Bg2 Qg6 24. Nh4 Qxd3 25. Rxd3 Ng5 26. Nhf5 Rf6 27. Rfd1
Bxf5 28. Nxf5 Ree6 29. b4 a6 30. a4 Nf7 31. b5 axb5 32. axb5 Bf4 33. bxc6 bxc6
34. Bxc6 h5 35. Bd5 Re2 36. Bxf7 Rxf7 37. Rf3 Be5 38. Rf2 Rxf2 39. Kxf2 hxg4
40. hxg4 Rc7 41. Nxd6 Bxd6 42. Rxd6 Rxc4 43. Kg3 1/2-1/2

[Event "Campeonato del Mundo Femenino 2010"]
[Site "Antakya TUR"]
[Date "2010.12.11"]
[Round "32.8"]
[White "Muzychuk, Mariya"]
[Black "Harika, Dronavalli"]
[Result "1/2-1/2"]
[WhiteElo "2462"]
[BlackElo "2525"]
[PlyCount "48"]
[EventDate "2010.12.02"]
[EventType "match"]
[EventRounds "6"]
[EventCountry "TUR"]
[Source "lmi"]
[SourceDate "2010.12.02"]

1. e4 e5 2. Nf3 Nc6 3. d4 exd4 4. Nxd4 Qf6 5. Be3 Bc5 6. c3 Nge7 7. g3 d5 8.
Bg2 Nxd4 9. cxd4 Bb4+ 10. Nc3 Bxc3+ 11. bxc3 dxe4 12. Bxe4 c6 13. O-O O-O 14.
Rb1 b6 15. Qh5 Bf5 16. Bxf5 Qxf5 17. Qxf5 Nxf5 18. Bf4 Rfe8 19. Rfe1 f6 20. h4
Kf7 21. Kf1 g6 22. a4 Rad8 23. a5 b5 24. a6 Re6 1/2-1/2

[Event "Campeonato del Mundo Femenino 2010"]
[Site "Antakya TUR"]
[Date "2010.12.12"]
[Round "32.2"]
[White "Hou, Yifan"]
[Black "Zhu, Chen"]
[Result "1-0"]
[WhiteElo "2591"]
[BlackElo "2477"]
[PlyCount "95"]
[EventDate "2010.12.02"]
[EventType "match"]
[EventRounds "6"]
[EventCountry "TUR"]
[Source "lmi"]
[SourceDate "2010.12.02"]

1. e4 e6 2. d4 d5 3. Nc3 Nf6 4. Bg5 dxe4 5. Nxe4 Nbd7 6. Nf3 h6 7. Nxf6+ Nxf6
8. Bh4 c5 9. Bc4 cxd4 10. O-O Be7 11. Qe2 O-O 12. Rad1 Qb6 13. Nxd4 Qxb2 14.
Nf5 exf5 15. Qxe7 Be6 16. Bxe6 fxe6 17. Qxe6+ Kh8 18. Qxf5 Qxa2 19. Rd6 Ng8 20.
Qe4 Qf7 21. f3 Qf4 22. Rd7 Qxe4 23. fxe4 Rxf1+ 24. Kxf1 Re8 25. Rxb7 Rxe4 26.
Bf2 Rc4 27. Rb2 a5 28. Ke2 Rg4 29. Kf3 Rc4 30. Be1 a4 31. Ke3 Rg4 32. g3 Ne7
33. Kd3 Nc6 34. Bc3 h5 35. Rb6 Rg6 36. Rb5 Rh6 37. Rg5 Rh7 38. h4 Kg8 39. Kc4
Nd8 40. Ra5 Ne6 41. Rxa4 g5 42. Ra8+ Kf7 43. Ra7+ Kg6 44. Rxh7 Kxh7 45. Kd5
gxh4 46. gxh4 Nf4+ 47. Ke4 Ng2 48. Bf6 1-0

[Event "Campeonato del Mundo Femenino 2010"]
[Site "Antakya TUR"]
[Date "2010.12.12"]
[Round "32.3"]
[White "Cmilte, Viktorjia"]
[Black "Skripchenko, Almira"]
[Result "1/2-1/2"]
[WhiteElo "2460"]
[BlackElo "2514"]
[PlyCount "98"]
[EventDate "2010.12.02"]
[EventType "match"]
[EventRounds "6"]
[EventCountry "TUR"]
[Source "lmi"]
[SourceDate "2010.12.02"]

1. d4 d6 2. e4 Nf6 3. f3 e5 4. Ne2 exd4 5. Nxd4 Nc6 6. Be3 Be7 7. c4 O-O 8. Nc3
Nxd4 9. Qxd4 Be6 10. Be2 Nd7 11. O-O Ne5 12. Nd5 f5 13. exf5 Bxf5 14. Qd2 Nc6
15. Rad1 Kh8 16. Bd3 Qd7 17. b3 a5 18. Bxf5 Rxf5 19. f4 Rff8 20. Rde1 Bd8 21.
Rf3 Ne7 22. Nxe7 Bxe7 23. Bd4 Bf6 24. Bxf6 Rxf6 25. Rfe3 h6 26. Re7 Qc6 27. Qd4
Raf8 28. R1e3 R6f7 29. g3 b6 30. h4 Kg8 31. Qd5 Qxd5 32. cxd5 Rxe7 33. Rxe7 Rf5
34. Rxc7 Rxd5 35. Rb7 b5 36. Kf2 b4 37. Ke3 Rc5 38. g4 h5 39. g5 g6 40. Ke4 Rc2
41. Kd5 Rf2 42. Ke4 Rxa2 43. f5 Re2+ 44. Kf3 Rb2 45. f6 Rxb3+ 46. Ke4 Rh3 47.
Rb8+ Kf7 48. Rb7+ Kf8 49. Rb8+ Kf7 1/2-1/2